La marcha Radetzky / (Registro nro. 2678)

Detalles MARC
000 -LEADER
fixed length control field 01724nam a2200193 a 4500
008 - CAMPO DE CONTROL (LIBRO)
fixed length control field 120515t1990 sp |||g |||| 001 0 spa d
020 ## - INTERNATIONAL STANDARD BOOK NUMBER
ISBN 950070580X
041 ## - CODIGO DE IDIOMA
Código de idioma del texto/pista de sonido o título separado spa
092 ## - SIGNATURA TOPOGRAFICA DEWEY LOCAL
número de clasificación 808
libristica 75
sección ROT
100 1# - ENTRADA PRINCIPAL--NOMBRE PERSONAL
Nombre personal Roth, Joseph
9 (RLIN) 3521
245 #3 - TITULO PROPIAMENTE DICHO
Título La marcha Radetzky /
Mención de responsabilidad y remanente de la transcripción de la portada Joseph Roth
250 ## - MENCION DE EDICION
Mención de edición 1a ed.
Mención de responsabilidad relacionada con la ed. Trad. Arturo Quintana
260 ## - PIE DE IMPRENTA
Lugar de publicación, distribución, etc Buenos Aires:
Nombre de la editorial, distribuidor, etc Sudamericana;
Fecha de publicación 1990.
300 ## - DESCRIPCION FISICA
Extension 348 p.
500 ## - NOTA GENERAL
Nota general Roth, J. (1990). La marcha Radetzky. (1a ed.). Buenos Aires : Sudamericana.
505 ## - NOTA DE CONTENIDO
Nota de contenido formateada Joseph Roth nació en la provincia austriaca de Galitzia en 1894 y murió en París en 1939, ciudad ésta adonde se exilió en 1933, cuando Hitler subió al pode. Entre sus obras están: Perlefter, Das falsche Gewicht y, sobre todo, Job, inspirada en un tema bíblico. En esta gran novela, que se ha convertido ya en un clásico de la literatura universal, La Marcha Radetzky, Joseph Roth presenta, a través del ejemplo de la familia Trotta -ligada al emperador Francisco José de manera casi legendaria- la caída de una familia, el fin de un orden de siglos y la disolución de una encantadora y brillante sociedad europea. La novela narra la historia de tres generaciones; el fundador de la dinastía salva la vida al joven emperador Francisco José en la batalla de Solferino y consigue así un título nobiliario; su hijo se convierte en jefe de distrito y es un fiel servidor y funcionario del emperador; al nieto se le hace pesada la carga de su nombre, y se encuentra incómodo en el ejercito. Muere en 1848, en los primeros días de la guerra y, cuando por fin muere también el anciano emperador Francisco José, el destino de la familia Trotta está ya sellado.
655 ## - MATERIA - GENERO/FORMA
Género/Forma Novela
-- 3091
942 ## - ADDED ENTRY ELEMENTS (KOHA)
Source of classification or shelving scheme Dewey Decimal Classification
Item type Libros
Existencias
Estado de retiro Existencia Fuente de clasificación Estado general No para prestamo Ubicación permanente ubicación actual Sala de ubicación Fecha de adquisición Fuente de adquisición Total Checkouts Número de clasificación Código de barras Date last seen Número de ejemplar Price effective from Koha tipo de elemento (item) Public note
    Dewey Decimal Classification     Biblioteca Medicina Biblioteca Medicina Circulación 06/03/2018 Donación Dr. Julio Arce, Marzo 2018.   808 75 ROT 4186 06/03/2018 Ej. 1 06/03/2018 LITERATURA Proyecto 4to libro. Donación Dr. Julio Arce, Marzo 2018.

UNIVERSIDAD NACIONAL DEL COMAHUE
Biblioteca de la Facultad de Ciencias Médicas
Sede Toschi: Los Arrayanes y Av. Toschi, Cipolletti  - Rio Negro
Sede Los Tordos:  Yrigoyen al 2211, Cipolletti - Rio Negro 

Teléfono: 0299 - 4774707 int 25
Contacto: biblioteca@facimed.uncoma.edu.ar
© 2011 - 2026